[Event "23. Torneo San Viator"]
[Site "Madrid ESP"]
[Date "2014.11.23"]
[Round "9.36"]
[White "Alonso Pardo, Daniel"]
[Black "Hidalgo Prado, David"]
[Result "0-1"]
[WhiteElo "1630"]
[BlackElo "1449"]
[PlyCount "111"]
[EventDate "2014.09.28"]
[EventType "swiss"]
[EventRounds "9"]
[EventCountry "ESP"]
[SourceTitle "Ajedrez en Madrid"]
[Source "lmi"]
[SourceDate "2014.09.28"]
[SourceVersion "1"]
[SourceVersionDate "2014.12.18"]
[SourceQuality "1"]

1. e4 e6 2. d4 d5 3. e5 c5 4. c3 Bd7 5. Nf3 Nc6 6. Be2 Nge7 7. dxc5 Ng6 8. Bg5
Qa5 9. b4 Qc7 10. O-O Be7 11. Bxe7 Ngxe7 12. Nd4 Qxe5 13. Na3 Nxd4 14. cxd4 Qc7
15. Nb5 Bxb5 16. Bxb5+ Nc6 17. Qa4 O-O 18. Bxc6 bxc6 19. Qa6 Rfb8 20. Rfb1 Qb7
21. Qxb7 Rxb7 22. Rb2 Rab8 23. Rab1 a6 24. a4 Kf8 25. f4 h5 26. h4 g6 27. Kf2
Ke7 28. Kf3 f6 29. Ke3 Kd7 30. g3 Ke7 31. Kd3 Kd7 32. Kc3 Kc7 33. a5 Re8 34.
Re1 Kd7 35. Rbe2 Ra7 36. Rg2 f5 37. Re5 Kd8 38. Rh2 Rh7 39. b5 axb5 40. Kb4 Ra7
41. g4 fxg4 42. Rg5 Rg8 43. Ra2 Kc8 44. a6 Kb8 45. Ka5 Rag7 46. Kb6 Rc8 47. a7+
Ka8 48. Re5 Rb7+ 49. Ka6 Rxa7+ 50. Kb6 Rxa2 51. Rxe6 Ra7 52. Re3 Rb7+ 53. Ka5
b4 54. Ka4 b3 55. Rxb3 Rxb3 56. Kxb3 0-1

[Event "23. Torneo San Viator"]
[Site "Madrid ESP"]
[Date "2014.11.23"]
[Round "9.37"]
[White "Moreno Sanchez, Guillermo"]
[Black "Enriquez Pastor, Jorge"]
[Result "1-0"]
[WhiteElo "1629"]
[BlackElo "1445"]
[PlyCount "119"]
[EventDate "2014.09.28"]
[EventType "swiss"]
[EventRounds "9"]
[EventCountry "ESP"]
[SourceTitle "Ajedrez en Madrid"]
[Source "lmi"]
[SourceDate "2014.09.28"]
[SourceVersion "1"]
[SourceVersionDate "2014.12.18"]
[SourceQuality "1"]

1. d4 f5 2. c4 Nf6 3. Nc3 e6 4. Nf3 d5 5. Bg5 Bb4 6. Qa4+ Nc6 7. e3 Bxc3+ 8.
bxc3 O-O 9. cxd5 exd5 10. Bd3 Qe8 11. Qc2 Ne4 12. Bf4 Qd8 13. O-O Ne7 14. Ne5
Ng6 15. Nxg6 hxg6 16. c4 c6 17. cxd5 cxd5 18. Qe2 Be6 19. Rac1 Rc8 20. f3 Nf6
21. Qb2 Rxc1 22. Rxc1 Qb6 23. Qxb6 axb6 24. Rc7 Rf7 25. Rc1 Bd7 26. Rb1 b5 27.
Bxb5 Bxb5 28. Rxb5 Rd7 29. Kf2 Kf7 30. Kg3 Nh5+ 31. Kh4 Nxf4 32. exf4 Re7 33.
a4 Rd7 34. g4 Ke7 35. Kg5 Kf7 36. gxf5 gxf5 37. Kxf5 Re7 38. Rxd5 b6 39. Rd6
Ra7 40. Rxb6 Rxa4 41. d5 Ra5 42. Rb7+ Kg8 43. Ke6 Ra8 44. Ke7 Rf8 45. Rb4 Rf7+
46. Kd6 g6 47. Re4 Kf8 48. Kc6 Rf6+ 49. d6 g5 50. fxg5 Rxf3 51. h4 Rc3+ 52. Kd7
Rc5 53. Ke6 Rc8 54. d7 Rd8 55. Rf4+ Kg7 56. h5 Ra8 57. Rf7+ Kg8 58. g6 Ra6+ 59.
Ke7 Ra7 60. Ke8 1-0

[Event "23. Torneo San Viator"]
[Site "Madrid ESP"]
[Date "2014.11.23"]
[Round "9.40"]
[White "Jimenez Manzano, Emiliano"]
[Black "Dominguez Afonso, Ayraldo"]
[Result "0-1"]
[WhiteElo "1490"]
[BlackElo "1571"]
[PlyCount "107"]
[EventDate "2014.09.28"]
[EventType "swiss"]
[EventRounds "9"]
[EventCountry "ESP"]
[SourceTitle "Ajedrez en Madrid"]
[Source "lmi"]
[SourceDate "2014.09.28"]
[SourceVersion "1"]
[SourceVersionDate "2014.12.18"]
[SourceQuality "1"]

1. c4 e5 2. Nc3 Nf6 3. g3 d5 4. cxd5 Nxd5 5. Bg2 Be6 6. Nxd5 Bxd5 7. e4 Be6 8.
Nf3 Nc6 9. O-O Bg4 10. Qa4 Bxf3 11. Bxf3 Bc5 12. Qd1 O-O 13. Rb1 Qd3 14. Ra1
Nd4 15. Kg2 Nc2 16. Be2 Qxe4+ 17. Bf3 Qg6 18. Rb1 Ne3+ 19. dxe3 Qxb1 20. Qd5
Qc2 21. Be4 Rad8 22. Qxe5 Qa4 23. Bxh7+ Kxh7 24. Qxc5 Qc6+ 25. Qxc6 bxc6 26. a3
c5 27. Kf3 Rd3 28. b4 cxb4 29. axb4 Rfd8 30. Bb2 Rb3 31. Bd4 Rxb4 32. Bxa7 Rc4
33. Rb1 Rd2 34. h4 Rcc2 35. Rf1 c5 36. g4 Kg6 37. Bb8 Kf6 38. Bf4 Rd3 39. Rb1
c4 40. Rb6+ Ke7 41. h5 Rdd2 42. Bg3 c3 43. g5 Rd8 44. Bh4 Ke8 45. e4 Rd3+ 46.
Kg4 Rb2 47. Rc6 c2 48. h6 gxh6 49. gxh6 Rd6 50. Rc8+ Kd7 51. Rd8+ Kc7 52. h7
Rg6+ 53. Kh3 Rb3+ 54. Bg3+ 0-1

[Event "23. Torneo San Viator"]
[Site "Madrid ESP"]
[Date "2014.11.23"]
[Round "9.42"]
[White "Santos Valdivia, Victor Manuel"]
[Black "Brasa Olmos, Joaquin"]
[Result "1-0"]
[WhiteElo "1473"]
[BlackElo "1527"]
[PlyCount "121"]
[EventDate "2014.09.28"]
[EventType "swiss"]
[EventRounds "9"]
[EventCountry "ESP"]
[SourceTitle "Ajedrez en Madrid"]
[Source "lmi"]
[SourceDate "2014.09.28"]
[SourceVersion "1"]
[SourceVersionDate "2014.12.18"]
[SourceQuality "1"]

1. d4 Nf6 2. e3 e6 3. Bd3 b6 4. f4 Ba6 5. Qf3 d5 6. Qe2 Bxd3 7. Qxd3 Nbd7 8.
Nf3 c5 9. c3 cxd4 10. cxd4 Be7 11. O-O Ne4 12. Nc3 Nd6 13. Ne5 Rc8 14. b3 O-O
15. Ba3 f6 16. Ng4 Ne4 17. Bb2 Nxc3 18. Bxc3 Ba3 19. f5 e5 20. dxe5 Nc5 21. Qd4
Ne4 22. Bb2 fxe5 23. Qxe5 Bxb2 24. Qxb2 Qg5 25. Rf4 Rc3 26. Rxe4 dxe4 27. Qxc3
Qxg4 28. Qc4+ Kh8 29. Rf1 h5 30. h3 Qh4 31. Kh2 Rd8 32. Rf4 Qf6 33. Qxe4 Qd6
34. Qf3 Qd1 35. Rh4 Qxf3 36. gxf3 Rd2+ 37. Kg3 Rxa2 38. Rxh5+ Kg8 39. Rg5 Ra1
40. h4 a5 41. f6 Rg1+ 42. Kf4 Rxg5 43. hxg5 b5 44. Ke4 a4 45. bxa4 bxa4 46. Kd3
a3 47. Kc2 a2 48. Kb2 a1=Q+ 49. Kxa1 gxf6 50. gxf6 Kf7 51. Kb2 Kxf6 52. Kc3 Ke5
53. Kd3 Kf5 54. Kd4 Kf6 55. Kd5 Kf7 56. f4 Ke8 57. Kd6 Kf8 58. e4 Ke8 59. f5
Kf7 60. e5 Kf8 61. Kd7 1-0

[Event "23. Torneo San Viator"]
[Site "Madrid ESP"]
[Date "2014.11.23"]
[Round "9.44"]
[White "Santos Burkholz, Mario"]
[Black "Porris Rebollar, Ivan"]
[Result "0-1"]
[WhiteElo "1426"]
[BlackElo "1493"]
[PlyCount "55"]
[EventDate "2014.09.28"]
[EventType "swiss"]
[EventRounds "9"]
[EventCountry "ESP"]
[SourceTitle "Ajedrez en Madrid"]
[Source "lmi"]
[SourceDate "2014.09.28"]
[SourceVersion "1"]
[SourceVersionDate "2014.12.18"]
[SourceQuality "1"]

1. d4 d5 2. Nf3 e6 3. e3 Nf6 4. Bd3 Be7 5. b3 O-O 6. O-O c5 7. Bb2 Nc6 8. c4 b6
9. Nbd2 Bb7 10. Ne5 cxd4 11. exd4 dxc4 12. Ndxc4 Nb4 13. a3 Qd5 14. f3 Nxd3 15.
Qxd3 Ba6 16. Qe3 Rfd8 17. Rfd1 Rac8 18. Rac1 b5 19. Nd2 Ne8 20. Qe4 Qd6 21. Rc6
Rxc6 22. Qxc6 Rc8 23. Qd7 f6 24. Qxd6 Bxd6 25. Nd3 Rc7 26. Ne4 b4 27. Nxd6 Nxd6
28. Nxb4 0-1

[Event "23. Torneo San Viator"]
[Site "Madrid ESP"]
[Date "2014.11.23"]
[Round "9.46"]
[White "Del Rio Perezagua, Mario"]
[Black "Fernandez Santos, Nicolas"]
[Result "1-0"]
[WhiteElo "1348"]
[BlackElo "1430"]
[PlyCount "61"]
[EventDate "2014.09.28"]
[EventType "swiss"]
[EventRounds "9"]
[EventCountry "ESP"]
[SourceTitle "Ajedrez en Madrid"]
[Source "lmi"]
[SourceDate "2014.09.28"]
[SourceVersion "1"]
[SourceVersionDate "2014.12.18"]
[SourceQuality "1"]

1. e4 e5 2. Nf3 Nc6 3. Bc4 Bc5 4. c3 Nf6 5. d3 Ng4 6. Bxf7+ Kxf7 7. Ng5+ Kg8 8.
Qxg4 d6 9. Qf3 Qf6 10. O-O Qxf3 11. Nxf3 Bg4 12. Nbd2 Rf8 13. h3 Bh5 14. g4 Bg6
15. Kg2 h5 16. Nh4 Bf7 17. Kg3 hxg4 18. hxg4 Ne7 19. f4 Ng6 20. Nxg6 Bxg6 21.
b4 Bb6 22. Nc4 c6 23. Nxb6 axb6 24. Be3 b5 25. a4 Ra8 26. axb5 Rxa1 27. Rxa1
cxb5 28. Ra8+ Kh7 29. Rxh8+ Kxh8 30. Bb6 Bf7 31. Bc7 1-0

[Event "23. Torneo San Viator"]
[Site "Madrid ESP"]
[Date "2014.11.23"]
[Round "9.47"]
[White "Del Noval Nemeshazi, Mario"]
[Black "Estirado De Cabo, Cesar"]
[Result "0-1"]
[WhiteElo "1309"]
[BlackElo "1404"]
[PlyCount "114"]
[EventDate "2014.09.28"]
[EventType "swiss"]
[EventRounds "9"]
[EventCountry "ESP"]
[SourceTitle "Ajedrez en Madrid"]
[Source "lmi"]
[SourceDate "2014.09.28"]
[SourceVersion "1"]
[SourceVersionDate "2014.12.18"]
[SourceQuality "1"]

1. e4 c6 2. d4 d5 3. Nc3 dxe4 4. Nxe4 Bf5 5. Ng3 Bg6 6. h4 h6 7. Nf3 Nd7 8. h5
Bh7 9. Bd3 Bxd3 10. Qxd3 Qc7 11. Bd2 e6 12. Ne4 Ngf6 13. g3 Nxe4 14. Qxe4 Bd6
15. O-O-O O-O-O 16. Kb1 Rde8 17. Rhe1 Nf6 18. Qh4 Re7 19. g4 Bf4 20. Bb4 Rd7
21. Ne5 Rdd8 22. Ba5 Qxa5 23. Nxf7 Rxd4 24. Nxh8 Be5 25. Ng6 Rxg4 26. Qh1 Bc7
27. Rxe6 Nxh5 28. Ne7+ Kb8 29. Nxc6+ bxc6 30. Qxc6 Nf6 31. Re7 Qb6 32. Qf3 Rg5
33. a3 Rb5 34. b3 Qc5 35. Rxg7 Rb6 36. Rf7 Qc6 37. Qf5 Qe6 38. Qxe6 Rxe6 39.
Rf1 Ne4 40. Kc1 Bd6 41. b4 Nc3 42. Kd2 Nb5 43. Ra1 Be5 44. Ra2 Nc3 45. f4 Nxa2
46. fxe5 Rxe5 47. Rf8+ Kb7 48. Rf7+ Kb6 49. Rf6+ Kb5 50. Rxh6 Rd5+ 51. Ke3 Rd7
52. Rh3 Rc7 53. Kd2 Rd7+ 54. Ke2 Nc1+ 55. Ke1 Rc7 56. Kd2 Na2 57. a4+ Kxa4 0-1

[Event "23. Torneo San Viator"]
[Site "Madrid ESP"]
[Date "2014.11.23"]
[Round "9.48"]
[White "Diaz Del Prado, Carlos"]
[Black "Jarne Anguita, Miguel"]
[Result "0-1"]
[WhiteElo "1288"]
[BlackElo "1387"]
[PlyCount "51"]
[EventDate "2014.09.28"]
[EventType "swiss"]
[EventRounds "9"]
[EventCountry "ESP"]
[SourceTitle "Ajedrez en Madrid"]
[Source "lmi"]
[SourceDate "2014.09.28"]
[SourceVersion "1"]
[SourceVersionDate "2014.12.18"]
[SourceQuality "1"]

1. b3 d5 2. Bb2 Nf6 3. e3 e6 4. Nf3 Bd6 5. d4 O-O 6. Be2 b6 7. O-O Bb7 8. c4
Nbd7 9. Nbd2 Ne4 10. a3 f5 11. Rc1 Qe8 12. g3 Qh5 13. Re1 h6 14. Ne5 Qh3 15.
Bf1 Nxf2 16. Kxf2 Qxh2+ 17. Bg2 dxc4 18. Rg1 Nxe5 19. dxe5 Bc5 20. Nf1 Bxe3+
21. Nxe3 f4 22. Nf1 fxg3+ 23. Ke1 Qxg1 24. Bxb7 Rxf1+ 25. Kd2 Rxd1+ 26. Rxd1
0-1

[Event "23. Torneo San Viator"]
[Site "Madrid ESP"]
[Date "2014.11.23"]
[Round "9.49"]
[White "Insua Rodriguez, Antonio"]
[Black "Lianes Garcia, Alicia"]
[Result "1/2-1/2"]
[WhiteElo "1430"]
[BlackElo "1346"]
[PlyCount "116"]
[EventDate "2014.09.28"]
[EventType "swiss"]
[EventRounds "9"]
[EventCountry "ESP"]
[SourceTitle "Ajedrez en Madrid"]
[Source "lmi"]
[SourceDate "2014.09.28"]
[SourceVersion "1"]
[SourceVersionDate "2014.12.18"]
[SourceQuality "1"]

1. Nc3 d5 2. e4 d4 3. Nce2 e5 4. Nf3 f6 5. Ng3 Bd6 6. c3 Nc6 7. Bb5 dxc3 8.
bxc3 Bd7 9. O-O a6 10. Be2 Bg4 11. h3 Be6 12. d4 exd4 13. cxd4 Bf7 14. d5 Ne5
15. Nd4 Bc5 16. Ngf5 Bxd4 17. Qxd4 g6 18. Ne3 c6 19. f4 Nd7 20. dxc6 bxc6 21.
Nc4 Bxc4 22. Bxc4 Qb6 23. Be3 Qxd4 24. Bxd4 c5 25. Bc3 Nb6 26. Bd5 Nxd5 27.
exd5 Kf7 28. Rab1 Ne7 29. Rb7 Rhb8 30. Rfb1 Rxb7 31. Rxb7 Rd8 32. Bb2 Rxd5 33.
Rb6 Rd1+ 34. Kh2 Nd5 35. Rxa6 Rd2 36. Bc1 Rc2 37. Ra7+ Ne7 38. Be3 Ke6 39. Ra6+
Kf5 40. Ra5 Ke4 41. Bxc5 Nd5 42. Ra4+ Kf5 43. Ra5 Kxf4 44. Bd6+ Ke4 45. Ra4+
Kd3 46. Ra3+ Kc4 47. Ra4+ Kb5 48. Ra3 Rc3 49. Rxc3 Nxc3 50. a3 Nb1 51. Kg3 Ka4
52. Be7 f5 53. Kf4 Nxa3 54. Kg5 Nc4 55. Kh6 Ne3 56. Kxh7 Nxg2 57. Kxg6 Nf4+ 58.
Kxf5 Nxh3 1/2-1/2

[Event "23. Torneo San Viator"]
[Site "Madrid ESP"]
[Date "2014.11.23"]
[Round "9.50"]
[White "Sanz Soriano, Ruben"]
[Black "Borras Cerda, Carlos"]
[Result "0-1"]
[WhiteElo "1304"]
[BlackElo "1384"]
[PlyCount "80"]
[EventDate "2014.09.28"]
[EventType "swiss"]
[EventRounds "9"]
[EventCountry "ESP"]
[SourceTitle "Ajedrez en Madrid"]
[Source "lmi"]
[SourceDate "2014.09.28"]
[SourceVersion "1"]
[SourceVersionDate "2014.12.18"]
[SourceQuality "1"]

1. e4 c6 2. d4 d5 3. e5 Bf5 4. Nc3 e6 5. Nf3 Ne7 6. Be2 Nd7 7. O-O h6 8. Bf4
Qb6 9. Rb1 c5 10. Be3 Nc6 11. Nb5 a6 12. dxc5 Bxc5 13. Bxc5 Nxc5 14. Nd6+ Ke7
15. Nxf5+ exf5 16. Qxd5 Nb4 17. Qd4 Rad8 18. Qe3 Nxc2 19. Qc3 Nb4 20. Qc4 Ne6
21. Rfd1 Rxd1+ 22. Rxd1 Rd8 23. Rxd8 Kxd8 24. b3 Nc6 25. b4 Qc7 26. Qd5+ Qd7
27. Qxd7+ Kxd7 28. b5 axb5 29. Bxb5 Kc7 30. Bd3 Ned4 31. Nxd4 Nxd4 32. Bc4 Ne6
33. Bb5 Kd8 34. g3 Ke7 35. Kg2 Nd4 36. Bc4 b5 37. Bd5 f6 38. f4 g5 39. Kf2 Nc2
40. Kf3 Na3 0-1

[Event "23. Torneo San Viator"]
[Site "Madrid ESP"]
[Date "2014.11.23"]
[Round "9.51"]
[White "Sirera Andres, Dario"]
[Black "Jimenez Perez, Federico"]
[Result "0-1"]
[WhiteElo "1370"]
[BlackElo "1334"]
[PlyCount "74"]
[EventDate "2014.09.28"]
[EventType "swiss"]
[EventRounds "9"]
[EventCountry "ESP"]
[SourceTitle "Ajedrez en Madrid"]
[Source "lmi"]
[SourceDate "2014.09.28"]
[SourceVersion "1"]
[SourceVersionDate "2014.12.18"]
[SourceQuality "1"]

1. e4 d6 2. d4 Nf6 3. Nc3 Nbd7 4. Be3 e5 5. dxe5 Nxe5 6. f4 Nc6 7. Nf3 Be7 8.
h3 O-O 9. Qd2 b6 10. O-O-O a5 11. Be2 Ba6 12. Bxa6 Rxa6 13. g4 b5 14. Nxb5 Nxe4
15. Qd3 Nf2 16. Bxf2 Nb4 17. Qb3 Qb8 18. Nc3 c5 19. Qc4 Rb6 20. Rhe1 Bf6 21. a3
Bxc3 22. Qxc3 Na2+ 23. Kd2 Nxc3 24. bxc3 Rb2 25. h4 Qb3 26. Rc1 Qd5+ 27. Ke2
Re8+ 28. Kf1 Rxe1+ 29. Rxe1 h6 30. Ng1 Rxc2 31. Re8+ Kh7 32. Re3 Rc1+ 33. Re1
Rxe1+ 34. Bxe1 Qb3 35. h5 Qxa3 36. g5 Qc1 37. Nh3 a4 0-1